[Event "Cannes Open A"]
[Site "Cannes France"]
[EventDate "2007.02.18"]
[Date "2007.02.25"]
[Round "9"]
[White "KIRSCH, Alain"]
[WhiteTitle "-"]
[WhiteElo "2042"]
[Black "ARDUIN, Antoine"]
[BlackTitle "-"]
[BlackElo "1876"]
[Result "1-0"]
[Source "MonRoi"]

1. d4 Nf6 2. Nf3 g6 3. Nc3 Bg7 4. e4 d6 5. h3 c6 6. a4 Qc7 7. e5 Nd5 8. Nxd5 cxd5 9. Bf4 dxe5 10. Nxe5 Qb6 11. Bb5 Nc6 12. Qe2 a6 13. Bxc6 bxc6 14. O-O a5 15. Rfe1 O-O 16. c3 e6 17. Qd2 c5 18. dxc5 Qxc5 19. b4 Qb6 20. Bh6 Bxh6 21. Qxh6 axb4 22. Reb1 Qc7 23. Ng4 f5 24. Nh2 bxc3 25. Qe3 e5 26. Nf3 Bd7 27. Nxe5 Rfe8 28. f4 Rxa4 29. Rxa4 Bxa4 30. Qd4 Qa5 31. Ra1 c2 32. Kh2 Rc8 33. Nd3 Rc4 34. Qe5 Qd8 35. Rc1 Re4 36. Qa1 Bb5 37. Nc5 Re2 38. Qd4 Bc4 39. Ra1 Qb8 40. Nd7 Re4 41. Nf6 Kf7 42. Nxe4 Qxf4  1-0

[Event "Cannes Open A"]
[Site "Cannes France"]
[EventDate "2007.02.18"]
[Date "2007.02.25"]
[Round "9"]
[White "CAVATORTA, Fosco"]
[WhiteTitle "-"]
[WhiteElo "1967"]
[Black "GALLUCCI, Alessio"]
[BlackTitle "-"]
[BlackElo "1910"]
[Result "1/2-1/2"]
[Source "MonRoi"]

1. Nf3 Nf6 2. g3 d5 3. Bg2 c5 4. O-O Nc6 5. d3 e5 6. Bg5 Be7 7. Nfd2 Be6 8. Nc3 Qd7 9. Bxf6 Bxf6 10. e4 d4 11. Nd5 Ne7 12. Nxf6 gxf6 13. a4 Bh3 14. Qh5 Bxg2 15. Kxg2 Ng6 16. Qf3 O-O-O 17. Qxf6 Rdg8 18. Kh1 Kb8 19. Nc4 h5 20. Qd6 Qxd6 21. Nxd6 Rh7 22. Nf5 h4 23. gxh4 Nxh4 24. Nxh4 Rxh4 25. Rg1 Rgh8 26. Rg2 Kc7 27. c3 dxc3 28. bxc3 Rd8 29. Rd1 c4 30. f3 cxd3 31. Rgd2 Rdh8 32. Rg2 Rd8 33. Rg5 f6 34. Rg7 Kc6 35. Kg1 d2 36. Rg2 Rd3 37. Rf2 Rxc3 38. Rdxd2 Rh8 39. Rc2 Rxc2 40. Rxc2 Kb6 41. Rb2 Ka6 42. Kg2 b6 43. Rb5 Rd8 44. Rd5 Rg8 45. Kh3 Rg7 46. Kh4 Kb7 47. Kh5 Kc6 48. Kh6 Rg2 49. h4 a6 50. f4 b5 51. axb5 axb5 52. fxe5 fxe5 53. Rxe5 b4 54. Rg5 Re2 55. Kg6 b3 56. Rg3 Rxe4  1/2-1/2

[Event "Cannes Open A"]
[Site "Cannes France"]
[EventDate "2007.02.18"]
[Date "2007.02.25"]
[Round "9"]
[White "PIERRARD, Bernard"]
[WhiteTitle "-"]
[WhiteElo "1976"]
[Black "CORTES, Jaime"]
[BlackTitle "-"]
[BlackElo "1870"]
[Result "1/2-1/2"]
[Source "MonRoi"]

1. b3 d5 2. e3 Nf6 3. Bb2 e6 4. Nf3 Be7 5. Be2 Nbd7 6. O-O O-O 7. d4 b6 8. c4 c5 9. Nc3 Bb7 10. Rc1 Rc8 11. h3 Re8 12. Ne5 Bf8 13. cxd5 exd5 14. Nxd7 Qxd7 15. Na4 Ne4 16. dxc5 bxc5 17. Bf3 Qe6 18. Nc3 Red8 19. Bxe4 dxe4 20. Qc2 Qg6 21. Ne2 Bd6 22. Ba3 Ba6 23. Rfe1 Bd3 24. Qc3 Qg5 25. Qa5 Bxe2 26. Rxe2 Qe5 27. g3 Qh5 28. Rd2 Qxh3 29. Rcd1  1/2-1/2

[Event "Cannes Open A"]
[Site "Cannes France"]
[EventDate "2007.02.18"]
[Date "2007.02.25"]
[Round "9"]
[White "CAPPONI, Axel"]
[WhiteTitle "-"]
[WhiteElo "1840"]
[Black "GIRARD, Jean Pierre"]
[BlackTitle "-"]
[BlackElo "2028"]
[Result "1-0"]
[Source "MonRoi"]

1. d4 Nf6 2. c4 e6 3. Nc3 Bb4 4. e3 c5 5. Nge2 Nc6 6. a3 Bxc3 7. Nxc3 d6 8. d5 exd5 9. cxd5 Ne5 10. Bb5 Ned7 11. O-O O-O 12. e4 a6 13. Bxd7 Nxd7 14. Bf4 Qe7 15. Qf3 Ne5 16. Bxe5 Qxe5 17. Qe3 Bd7 18. Rad1 b5 19. f4 Qe7 20. f5 f6 21. Rf4 Rab8 22. Qf3 b4 23. axb4 Rxb4 24. Qh5 Be8 25. Qe2 g5 26. Rf2 Bb5 27. Qc2 h5 28. Re1 Kg7 29. Nxb5 axb5 30. Qe2 Kh6 31. Rf3 Qe5 32. Rh3 h4 33. Qe3 Qd4 34. Rxh4 Kg7 35. Qxd4 Rxd4 36. Rg4 Rd2 37. h4 Kh6 38. hxg5 fxg5 39. Rb1 Rd3 40. Kf2 Kg7 41. Ke2 Rb3 42. Rxg5 Kf6 43. Rg6 Ke5 44. Re6 Kd4 45. Rd1 Kc4 46. Rd2 Rg3 47. Kf1 b4 48. Rxd6 Kb3 49. Kf2 Rfg8 50. Rg6 R3xg6 51. fxg6 Rxg6 52. d6 Rg8 53. d7 c4 54. e5 c3 55. bxc3 bxc3  1-0

[Event "Cannes Open A"]
[Site "Cannes France"]
[EventDate "2007.02.18"]
[Date "2007.02.25"]
[Round "9"]
[White "IASMAN, Inna"]
[WhiteTitle "-"]
[WhiteElo "1797"]
[Black "CAEN, Eric"]
[BlackTitle "-"]
[BlackElo "1901"]
[Result "0-1"]
[Source "MonRoi"]

1. d4 d5 2. c4 c6 3. Nc3 Nf6 4. Nf3 e6 5. Bg5 Be7 6. e3 Nbd7 7. Rc1 h6 8. Bh4 Nb6 9. c5 Nbd7 10. Bd3 b6 11. b4 b5 12. Ne5 Nxe5 13. dxe5 Nd7 14. Bxe7 Qxe7 15. f4 Bb7 16. O-O a5 17. a3 a4 18. Nxb5 cxb5 19. c6 Ba6 20. cxd7 Qxd7 21. Rc5 Rc8 22. Qc2 O-O 23. Rc1 Rxc5 24. bxc5 Qc6 25. Qb2 g6 26. Qb4 Rc8 27. g4 Kg7 28. Rc2 Rc7 29. Qe1 Qe8 30. Qa5 Qc6 31. Qb6 Qxb6 32. cxb6 Rxc2 33. Bxc2 Bb7 34. Bd3 b4 35. axb4 Kf8 36. Kf2 Ke7 37. Ke1 a3 38. Bb1 Kd7 39. Kd2 d4 40. exd4 Bd5 41. Kc3 a2 42. Bxa2 Bxa2 43. b5 g5 44. Kd3 Bd5 45. Ke3 Kc8 46. f5 Kb7 47. Kf2 Kxb6 48. fxe6 fxe6 49. Ke3 Kxb5  0-1

[Event "Cannes Open A"]
[Site "Cannes France"]
[EventDate "2007.02.18"]
[Date "2007.02.25"]
[Round "9"]
[White "LEVACIC, Adrien"]
[WhiteTitle "-"]
[WhiteElo "1853"]
[Black "DAVI, Alessandro"]
[BlackTitle "-"]
[BlackElo "1677"]
[Result "1/2-1/2"]
[Source "MonRoi"]

1. d4 Nf6 2. c4 g6 3. Nf3 Bg7 4. g3 O-O 5. Bg2 d5 6. cxd5 Nxd5 7. e4 Nb6 8. Nc3 Nc6 9. e5 e6 10. O-O Nd5 11. Re1 Nce7 12. Nd2 b6 13. a4 Bb7 14. Nce4 Qc8 15. a5 a6 16. Nb3 Ra7 17. Bd2 Rd8 18. Rc1 Qd7 19. Qe2 Nf5 20. g4 Nfe7 21. Rc2 Qa4 22. Qf3 Ba8 23. Rec1 Nc6 24. Ra1 Qxa1 25. Nxa1 Nxd4 26. Qh3 Nxc2 27. Nxc2 Bxe5 28. Ng5 Nf6 29. Bxa8 Raxa8 30. Bc3 Bxc3 31. Qxc3 Nd5 32. Qh3 Nf6 33. Qf3 Kg7 34. Qc3 e5 35. Qxe5 Rd6 36. axb6 Re8 37. Qc3 cxb6 38. Ne3 h6 39. Nf3 b5 40. Nh4 Rde6 41. Nd5 Rd6 42. Nxf6 Rxf6 43. f4 g5 44. Nf5 Kg6 45. Nxh6 Rxf4 46. Nf5 Rxg4 47. Ng3 Re6 48. Qd3 Kg7 49. h3 Rc4 50. Nf5 Kf6 51. Ne3 Rce4 52. Qf1 Kg6 53. Qf5 Kg7 54. Ng2 f6 55. Qd5 R4e5 56. Qd7 Re7 57. Qg4 Kh6 58. h4 Rc7 59. hxg5 Rxg5 60. Qh4 Kg7 61. Qe4 Rc4 62. Qe7 Kg6 63. Qe8 Kg7 64. Qd7 Kg6 65. Qd3 Kg7 66. Kf2 Rb4 67. Qd7 Kh6 68. Qh3 Kg7 69. b3 a5 70. Qd7 Kh6 71. Qd3 a4 72. Qh3 Kg7 73. Qd7 Kh6  1/2-1/2

[Event "Cannes Open A"]
[Site "Cannes France"]
[EventDate "2007.02.18"]
[Date "2007.02.25"]
[Round "9"]
[White "CEDRIC, Monier"]
[WhiteTitle "-"]
[WhiteElo "1869"]
[Black "GANNE, Quentin"]
[BlackTitle "-"]
[BlackElo "1642"]
[Result "1-0"]
[Source "MonRoi"]

1. d4 d5 2. Nf3 Nf6 3. Bg5 e6 4. e3 Be7 5. Bd3 O-O 6. O-O Bd7 7. Ne5 Be8 8. c3 Nbd7 9. f4 Rc8 10. Nd2 c5 11. Ndf3 Ne4 12. Bxe7 Qxe7 13. Bxe4 dxe4 14. Nd2 Nxe5 15. fxe5 Bc6 16. Qc2 Qg5 17. Rae1 f5 18. exf6 Rxf6 19. Rxf6 gxf6 20. Nxe4 Qg6 21. Nxf6 Qxf6 22. Qe2 cxd4 23. exd4 Bd5 24. Rf1 Qg6 25. Rf4 Qb1 26. Rf1 Qg6 27. Rf4 Kh8 28. h3 Rg8 29. g4 Kg7 30. Qe5 Kh6 31. Rf6  1-0

[Event "Cannes Open A"]
[Site "Cannes France"]
[EventDate "2007.02.18"]
[Date "2007.02.25"]
[Round "9"]
[White "PERANO, Simone"]
[WhiteTitle "-"]
[WhiteElo "1584"]
[Black "PERRONE, Samuel"]
[BlackTitle "-"]
[BlackElo "1099"]
[Result "1-0"]
[Source "MonRoi"]

1. e4 e5 2. Nf3 Nc6 3. d4 exd4 4. Bc4 g6 5. Ng5 Ne5 6. Qxd4 Qf6 7. Nc3 c6 8. Bb3 h6 9. f4 hxg5 10. fxe5 Qe7 11. Rf1 Rh7 12. Be3 Nh6 13. Bf2 Bg7 14. Bg3 Bh8 15. h3 g4 16. O-O-O Qg5++ 17. Bf4 Qh4 18. Rd3 g5 19. Bg3 Qh5 20. Bh2 gxh3 21. Rxh3 Qg4 22. Rf2 b5 23. Nd1 d6 24. Qxd6 Qxe4 25. Rxh6 Bg4 26. Bxf7  1-0